000 01868nms a2200481 c 4500
001 26002
003 ES-MaCES
005 20250327143456.0
007 cr |||||||||||
008 060615d20042011sp tr p o| |spa d
017 _aM 1582-1958
_bDL
022 1 _a1699-7476
022 1 _a1989-8975 (ISSNe)
024 7 _a329-05-001-1
_2nipo
024 7 _a10.24965/reala
_2doi
035 _aCES20060000077p
040 _aES-MaCES
_bspa
_cES-MaCES
245 0 0 _aRevista de estudios de la Administración local y autonómica
_cInstituto Nacional de Administración Pública
_hRecurso electrónico
246 0 4 _aREALA
260 _aMadrid
_bInstituto Nacional de Administración Pública
_c2004-2011
300 _av.
310 _aTres veces al año
362 0 _aN. 294-295 (en.-ag. 2004)-n. 317 (sept.-dic 2011)
500 _aCerrada la suscripción de la ed. impresa, continua ed. electrónica
541 _cGratuito
650 4 _ajurisprudencia
_928624
650 4 _aderecho administrativo
_927155
650 4 _aEspaña
_926964
650 4 _anivel local
_927220
650 4 _aadministración pública
_927214
653 1 0 _aAdministración-Instituciones públicas
710 2 _aInstituto Nacional de Administración Pública (España)
_eed.
_94265
780 0 4 _tRevista de estudios autonómicos
_w(ES-MaCES)25941
780 0 4 _tRevista de estudios de la Administración local
_w(ES-MaCES)25939
853 2 1 _bn.
_iaño
_jmes
_vc
_wt
856 4 _uhttps://revistasonline.inap.es/index.php/REALA/issue/archive
_ytexto completo desde n. 1 (1942)
868 0 _aíndice: 1993.
905 _1Boletín D
_fP-OL
_k
_nRevisDEstAdmLocAut
_p+
942 _2CES
_cCR
_h6.3.
999 _c26002
_d26002